Εφαρμογές Οπλισμένου Σκυροδέματος / Σύμφωνα με τον Νέο Κανονισμό Σκυροδέματος. (Record no. 3662)
[ view plain ]
| 000 -LEADER | |
|---|---|
| fixed length control field | 01716cam a22002054a 4500 |
| 005 - ΗΜΕΡΟΜΗΝΙΑ ΚΑΙ ΩΡΑ ΤΕΛΕΥΤΑΙΑΣ ΕΝΗΜΕΡΩΣΗΣ | |
| Πεδίο ελέγχου | 20250605164121.0 |
| 008 - FIXED-LENGTH DATA ELEMENTS--GENERAL INFORMATION | |
| Πεδίο ελέγχου σταθερού μήκους | 250528s ||||||||||||||||||||||||d |
| 035 ## - SYSTEM CONTROL NUMBER | |
| System control number | 18296 |
| 020 ## - ISBN | |
| ISBN | 9609024629 |
| 040 ## - ΠΗΓΗ ΚΑΤΑΛΟΓΟΓΡΑΦΗΣΗΣ | |
| Φορέας πρωτότυπης καταλογογράφησης | MC Athens Campus Library |
| Γλώσσα καταλογογράφησης | Ελληνικά, Μοντέρνα (1453-) |
| Modifying agency | MC Athens Campus Library |
| Κανόνες περιγραφικής καταλογογράφησης | AACR2 |
| 245 1# - ΤΙΤΛΟΣ ΚΑΙ ΔΗΛΩΣΗ ΥΠΕΥΘΥΝΟΤΗΤΑΣ | |
| Τίτλος | Εφαρμογές Οπλισμένου Σκυροδέματος / Σύμφωνα με τον Νέο Κανονισμό Σκυροδέματος. |
| Number of part/section of a work | Τόμος Β' Έκδοση 1.0 |
| 260 ## - PUBLICATION, DISTRIBUTION, ETC. | |
| Name of publisher, distributor, etc. | Π, Systems International Α.Ε.Β.Ε.Λ, |
| Date of publication, distribution, etc. | 1994 |
| 300 ## - PHYSICAL DESCRIPTION | |
| Extent | 304 |
| 505 0# - FORMATTED CONTENTS NOTE | |
| Formatted contents note | Η Τοποθέτηση των Οπλισμών, Η Αγκύρωση των Οπλισμών, Οι Ενώσεις των Οπλισμών, Σύνδεση Πελμάτων και Κορμού Πλακοδοκών, Περιορισμός Εύρους Ρωγμών, Ολόσωμες Πλάκες, Επιρροή Κινητού Φορτίου στη Στατική Επίλυση Πλακών, Κανόνες Αναπτυγμάτων Παβδών Οπλισμού, Πλάκες με Νευρώσεις, Ασκήσεις. |
| 520 ## - SUMMARY, ETC. | |
| Summary, etc. | Η Τοποθέτηση των Οπλισμών, Η Αγκύρωση των Οπλισμών, Οι Ενώσεις των Οπλισμών, Σύνδεση Πελμάτων και Κορμού Πλακοδοκών, Περιορισμός Εύρους Ρωγμών, Ολόσωμες Πλάκες, Επιρροή Κινητού Φορτίου στη Στατική Επίλυση Πλακών, Κανόνες Αναπτυγμάτων Παβδών Οπλισμού, Πλάκες με Νευρώσεις, Ασκήσεις. |
| 700 1# - ΠΡΟΣΘΕΤΗ ΑΝΑΓΡΑΦΗ--ΦΥΣΙΚΟ ΠΡΟΣΩΠΟ | |
| Personal name | Κωνσταντινίδης Απόστολος |
| 9 (RLIN) | 4572 |
| 942 ## - ADDED ENTRY ELEMENTS (KOHA) | |
| Koha item type | Books |
| Τύπος τεκμηρίου | Βιβλιοθήκη | Τρέχουσα τοποθεσία | Barcode | Αριθμός εισαγωγής | Ημερομηνία απόκτησης | Ταξιθετικό σύμβολο | Αριθμός αντιτύπου | Κατάσταση απόσυρσης | Κατάσταση χαμένου | Κατάσταση κατεστραμμένου | Μη δανεισμός | Σύνολο δανεισμών | Ημερομηνία τελευταίας εμφάνισης | Η τιμή ισχύει από |
|---|---|---|---|---|---|---|---|---|---|---|---|---|---|---|
| Books | MC Athens Campus Library | MC Athens Campus Library | 9780000036612 | 2883 | 05/06/2025 | 693.54 KON V.B | 1 | 05/06/2025 | 05/06/2025 |